Атомное сердце России (Запись № 11564539)
[ простой вид ]
| 000 -МАРКЕР | |
|---|---|
| контрольное поле | 02383nam0a2200409 4500 |
| 001 - ИДЕНТИФИКАТОР ЗАПИСИ | |
| контрольное поле | RU\NLR\BIBL_A\011412397 |
| 005 - ИДЕНТИФИКАТОР ВЕРСИИ | |
| контрольное поле | 20260407160118.0 |
| 010 ## - МЕЖДУНАРОДНЫЙ СТАНДАРТНЫЙ НОМЕР КНИГИ (ISBN) | |
| Номер (ISBN) | 9785985180534 |
| Тираж | 5000 |
| 021 ## - НОМЕР ГОСУДАРСТВЕННОЙ РЕГИСТРАЦИИ | |
| Код страны | Российская Федерация |
| Номер | 2017-41226 |
| Номер Листа государственной регистраци | 2997 |
| 035 ## - ДРУГИЕ СИСТЕМНЫЕ НОМЕРА | |
| Идентификатор записи | (RuMoRGB)008906857 |
| 035 ## - ДРУГИЕ СИСТЕМНЫЕ НОМЕРА | |
| Идентификатор записи | (NLR Aleph) 011412397 |
| 100 ## - ДАННЫЕ ОБЩЕЙ ОБРАБОТКИ | |
| Данные общей обработки | 20170621d2014 m y0rusy50 ca |
| 101 0# - ЯЗЫК РЕСУРСА | |
| Язык текста, звукозаписи и т.д. | русский |
| Язык резюме | английский |
| 102 ## - СТРАНА ПУБЛИКАЦИИ ИЛИ ПРОИЗВОДСТВА | |
| Страна публикации | Российская Федерация |
| 105 ## - ПОЛЕ КОДИРОВАННЫХ ДАННЫХ: ТЕКСТОВЫЕ МАТЕРИАЛЫ, МОНОГРАФИЧЕСКИЕ | |
| Кодированные данные о монографическом текстовом документе | abchz 000zy |
| 200 1# - ЗАГЛАВИЕ И СВЕДЕНИЯ ОБ ОТВЕТСТВЕННОСТИ | |
| Основное заглавие | Атомное сердце России |
| Первые сведения об ответственности | [Новосёлов Владимир Николаевич, Носач Юрий Федорович, Ентяков Борис Николаевич] |
| Последующие сведения об ответственности | Государственная корпорация по атомной энергии "РОСАТОМ", Федеральное государственное унитарное предприятие "Производственное объединение "Маяк" |
| 210 ## - ПУБЛИКАЦИЯ, РАСПРОСТРАНЕНИЕ И ДР. | |
| Место издания, распространения и т.д. | Озерск |
| -- | Челябинск |
| Имя издателя, распространителя и т. д. | АвтоГраф |
| Дата издания, распространения и т.д. | 2014 |
| 215 ## - ФИЗИЧЕСКАЯ ХАРАКТЕРИСТИКА | |
| Специфическое обозначение материала и объем | 523, [4] с. |
| Другие сведения о физической характеристике | ил., цв. ил., факс., портр., карт. |
| Размеры | 30 |
| 300 ## - ОБЩИЕ ПРИМЕЧАНИЯ | |
| Текст примечания | Авт. указаны перед вып. дан. |
| 300 ## - ОБЩИЕ ПРИМЕЧАНИЯ | |
| Текст примечания | В конце кн. авт.: Новоселов В. Н., д.ист.н., проф., акад. Акад. воен.-ист. наук, Носач Ю. Ф., к.т.н., Ентяков Б. Н., инж. |
| 300 ## - ОБЩИЕ ПРИМЕЧАНИЯ | |
| Текст примечания | Рез. на англ. яз. |
| 320 ## - ПРИМЕЧАНИЯ О НАЛИЧИИ В ДОКУМЕНТЕ БИБЛИОГРАФИИ / УКАЗАТЕЛЯ | |
| Текст примечания | Библиогр.: с. 509-515 |
| 601 02 - НАИМЕНОВАНИЕ ОРГАНИЗАЦИИ КАК ПРЕДМЕТ | |
| Начальный элемент ввода | "Маяк", производственное объединение |
| Идентифицирующий признак | Озёрск, город; Челябинская область |
| Системный номер авторитетной/нормативной записи | 2503428 |
| Идентификатор авторитетной/нормативной записи | RU\NLR\AUTH\661484604 |
| 606 1# - НАИМЕНОВАНИЕ ТЕМЫ КАК ПРЕДМЕТ | |
| Наименование темы | Плутоний |
| Тематический подзаголовок | Производство |
| -- | История |
| Системный номер авторитетной/нормативной записи | 2331692 |
| Идентификатор авторитетной/нормативной записи | RU\NLR\AUTH\6601618448 |
| 606 1# - НАИМЕНОВАНИЕ ТЕМЫ КАК ПРЕДМЕТ | |
| Наименование темы | Уран |
| Тематический подзаголовок | Изотопы |
| -- | Производство |
| -- | История |
| Системный номер авторитетной/нормативной записи | 2264786 |
| Идентификатор авторитетной/нормативной записи | RU\NLR\AUTH\6601587288 |
| 686 1# - ИНДЕКСЫ ДРУГИХ КЛАССИФИКАЦИЙ | |
| Индекс | Ц901-8л9г(2) |
| 686 1# - ИНДЕКСЫ ДРУГИХ КЛАССИФИКАЦИЙ | |
| Индекс | Л362.1г(2) |
| 700 #1 - ИМЯ ЛИЦА - ПЕРВИЧНАЯ ОТВЕТСТВЕННОСТЬ | |
| Начальный элемент ввода | Новосёлов |
| Часть имени, кроме начального элемента ввода | В. Н. |
| Даты | 1949-2013 |
| Расширение инициалов личного имени | Владимир Николаевич |
| 701 #1 - ИМЯ ЛИЦА - АЛЬТЕРНАТИВНАЯ ОТВЕТСТВЕННОСТЬ | |
| Начальный элемент ввода | Носач |
| Часть имени, кроме начального элемента ввода | Ю. Ф. |
| Даты | 1937- |
| Расширение инициалов личного имени | Юрий Федорович |
| 701 #1 - ИМЯ ЛИЦА - АЛЬТЕРНАТИВНАЯ ОТВЕТСТВЕННОСТЬ | |
| Начальный элемент ввода | Ентяков |
| Часть имени, кроме начального элемента ввода | Б. Н. |
| Даты | 1939- |
| Расширение инициалов личного имени | Борис Николаевич |
| 712 02 - НАИМЕНОВАНИЕ ОРГАНИЗАЦИИ - ВТОРИЧНАЯ ОТВЕТСТВЕННОСТЬ | |
| Код отношения | Прочие |
| Начальный элемент ввода | "Маяк", производственное объединение |
| Идентифицирующий признак | Озёрск |
| Идентификатор авторитетной/нормативной записи | RU\NLR\AUTH\8810097653 |
| Системный номер авторитетной/нормативной записи | 696370 |
| 942 ## - ДОПОЛНИТЕЛЬНЫЕ ЭЛЕМЕНТЫ ЗАПИСИ (АБИС) | |
| Тип экземпляра АБИС | Книга |
| 980 ## - КОЛЛЕКЦИЯ | |
| Название коллекции | НБР |
Нет доступных экземпляров.